| 000 | 00420nam a2200145Ia 4500 | ||
|---|---|---|---|
| 999 |
_c19793 _d19793 |
||
| 003 | OSt | ||
| 005 | 20230214142720.0 | ||
| 008 | 140316s9999 xx 000 0 und d | ||
| 082 |
_a658 .045 _bGOV/RE |
||
| 245 | _aResidential vital rates in corporation and municipalities 1984 | ||
| 260 |
_aThiruvanathapuram _bDepartment of economics and statistics _c1986 |
||
| 300 | _a29 | ||
| 700 | _aGovt Of Kerala | ||
| 942 |
_2ddc _cREP |
||